Best NBA Player from each Decade - Statistics

General Stats
  • This quiz has been taken 233 times
  • The average score is 18 of 24
Answer Stats
Hint Answer % Correct
2010s LeBron James
98%
2000s Kobe Bryant
97%
1990s Michael Jordan
97%
1980s Magic Johnson
93%
2010s Stephen Curry
93%
2000s Shaquille O'Neal
91%
1980s Larry Bird
90%
2020s (so far) Nikola Jokić
90%
1960s Wilt Chamberlain
90%
2020s (so far) Giannis Antetokounmpo
87%
1970s Kareem Abdul-Jabbar
85%
2010s Kevin Durant
85%
1960s Bill Russell
79%
1990s Hakeem Olajuwon
77%
1980s Moses Malone
75%
2000s Tim Duncan
75%
1960s Jerry West
72%
2020s (so far) Joel Embiid
69%
1990s David Robinson
59%
1970s Julius Erving
59%
1950s Bob Cousy
55%
1950s George Mikan
53%
1950s Bob Pettit
50%
1970s Elvin Hayes
25%
No matching quizzes found
Score Distribution
Percent of People with Each Score
Percentile by Number Answered
Your Score History
You have not taken this quiz